000 00457nam a2200169 a 4500
001 1769935627326
003 YourLibrary
005 20260201143128.0
008 260201s2009##################000#0#eng##
020 _a9780735583610
082 0 4 _a332.024
_bBEY
100 1 _aBeyer,
_eauthor.
245 1 0 _aTexas Estate Planning Statutes, with Commentary :
260 _bAspen Publishers,
_c2009.
942 _cENGLISH
040 _aYourLibrary
_beng
_cYourLibrary
999 _c609663
_d609663